Регионална библиотека "Любен Каравелов" - Русе

Събрани съчинения в пет тома (Запис номер 189122)

MARC детайли
000 -Лидер
Контролно поле с фиксирана дължина nam a22 7a 4500
003 - Код на организацията, давaща контролен номер
Контролно поле BLK
005 - Дата и час на последна редакция
Контролно поле 20230401030301.0
008 - Елементи от данни с фиксирана дължина
fixed length control field 180411b bul|||||r ||||||| ||bul||
010 ## - Наследен системен номер
LC control number KNG00198146000
040 ## - Източник на каталожния запис
Идентификатор на билиотеката - собственик на записа BLK
041 ## - Код за език
Код за езика на текст/звукозапис или на отделно заглавие Български
Код за езика КДБФ Български
080 ## - УДК
Текстов определител УДК Българска литература
УДК код - определител по УДК 821.163.2
УДК определител -1
УДК - код + определител 821.163.2-1
139 ## - Редно поле
Редна дума Яворов, Пейо
Авторски знак Яво - Я 18
245 10 - Сведения за заглавието
Заглавие Събрани съчинения в пет тома
Редно поле (дума) Пейо Яворов; предг. от Пенчо Данчев; ред. на том Лилия Кацкова.
Том Т. 1.
Заглавие на том Стихотворения
257 ## - Страна на издаване
Страна на създаване/издаване България
260 ## - Област на издателските данни
Име на издателя, разпространителя и проч. Бълг. писател
Година на издаване 1959 - 1960
Място на издаване, разпространение и проч. София
300 ## - Физическа характеристика
Размери/Мащаб 25 см
380 ## - Жанр
Жанр Худож. лит.
700 1# - Други автори (авторска отговорност)
Лично име Данчев, Пенчо
Автороска отговорност (Описва отношението между автора и произведението) предг. от
9 (RLIN) 379694
700 1# - Други автори (авторска отговорност)
Лично име Кацкова, Лилия
Автороска отговорност (Описва отношението между автора и произведението) ред. на том
9 (RLIN) 367546
760 1# - Описание на основната серия
Редна дума на основното описание Яворов, Пейо
Място на издаване, издател и година 1959
Страници - том 468 с. : с ил., 4 л. ил., 4 л. факс.
Заглавие Т. 1. Стихотворения
852 ## - Местоположение
Форматна сигнатура Цб 14728
856 4# - Електронен адрес и достъп
Електронен формат pdf - файл
856 4# - Електронен адрес и достъп
Електронен формат pdf - файл
999 ## - СИСТЕМНИ КОНТРОЛНИ НОМЕРА
Koha biblionumber 189122
Koha biblioitemnumber 189122
942 ## - АРТИКУЛИ
Вид на библиотечния материал Книги
Скрит в OPAC Не
Периодичен библиозапис Да
944 ## - СЪЗДАВАНЕ И РЕДАКЦИЯ на ЗАПИСА
Създаване/Редакция Създаване
Дата на регистрацията/редакция 14.12.2016
Служител, извършил регистрацията/редакцията Нора_Радева
944 ## - СЪЗДАВАНЕ И РЕДАКЦИЯ на ЗАПИСА
Създаване/Редакция Редакция
Дата на регистрацията/редакция 14.12.2016
Служител, извършил регистрацията/редакцията Нора_Радева
999 ## - СИСТЕМНИ КОНТРОЛНИ НОМЕРА
Koha biblioitemnumber 189122
Наличности
Код за отписване Код за изгубен артикул Източник на класификационната схема Код за повреда Коз за рестрикции Код за отдаване Артикулен № Име на библиотеката - собственик Име на библиотеката, в която се намира в момента Статус (Текущо местоположение) Дата на вписване в системата Местоположение - отдел Цена в лева Инвентарен номер Систематично азбучна сигнатура Баркод Номер на екземпляра Цена в евро Служебна бележка Служебен тип на артикула
  Не е изгубен Universal Decimal Classification Не е повреден само за читалня ползва се в читалня 332658 Регионална библиотека "Любен Каравелов" Русе Регионална библиотека "Любен Каравелов" Русе Хранилище 1959-01-01 Основен фонд - ползва се само за читалня 1.63 8552/59 Цб 14728 900000083703 1 0.83 Вид: Сф Дата: 01.01.1959 Книги
Изтеглен Не е изгубен Universal Decimal Classification Не е повреден без рестрикции заемане за дома 332659 Регионална библиотека "Любен Каравелов" Русе Регионална библиотека "Любен Каравелов" Русе Заемна - подръчен фонд 1959-01-01 Заемна - подръчен фонд 0.00 8303/59 П 886.7-1/Я 18 8303/59 2 0.00 Вид: Сф Дата: 01.01.1959 Книги
Изтеглен Не е изгубен Universal Decimal Classification Не е повреден без рестрикции заемане за дома 332660 Регионална библиотека "Любен Каравелов" Русе Регионална библиотека "Любен Каравелов" Русе Заемна - подръчен фонд 1959-01-01 Заемна - подръчен фонд 1.63 8302/59 П 886.7-1/Я 18 900000042660 3 0.83 Вид: Сф Дата: 01.01.1959 Дата инв: 01.03.2018 Бележки инв: П2018 Книги
Изтеглен Не е изгубен Universal Decimal Classification Не е повреден без рестрикции заемане за дома 332661 Регионална библиотека "Любен Каравелов" Русе Регионална библиотека "Любен Каравелов" Русе Заемна - подръчен фонд 1959-01-01 Заемна - подръчен фонд 0.00 8301/59 П 886.7-1/Я 18 8301/59 4 0.00 Вид: Сф Дата: 01.01.1959 Книги
Vip Innovations Ltd, Rousse, Bulgaria 2025